000 00334nam a2200133 i 4500
001 bg
100 1 _aSOBCZAK, Wojciech
245 0 _aStatystyczna teoria systemów przesyłania informacji /
_cW. Sobczak.
260 _aWarszawa,
_c1984.
040 _cBPK
041 _apol
942 _cKS
008 s pl f |000 0 pol
999 _c22587
_d22587
856 _uhttp://koha.tu.koszalin.pl/cgi-bin/koha/opac-detail.pl?biblionumber=22587
_yKatalog online BPK